000 00808nam a22002057a 4500
999 _c175
_d175
003 AR-CdUCM
008 190222b ||||| |||| 00| 0 spa d
040 _aMUNICIPALIDAD PROVINCIAL DEL CUSCO
_cBIBLIOTECA MUNICIPAL DEL CUSCO
082 _a956.94 /
_bR91
100 _aRubinstein, Aryeh
_9812
245 _aEl retorno a sion /
260 _aIsrael :
_bIsrael Program sor Scientific Translations,
_c1977.
300 _a147 páginas ;
_bIlustraciones.
_c20 cm.
505 _aContenido: El pacto con Abraham -- El movimiento Jibat Tzión: la tesis de Pínsker -- Renacimiento del Antisemitismo -- Sionistas políticos y sionistas prácticos -- Los árabes de Palestina
650 _aEstado judío
_9813
650 _aIsrael
_9360
650 _aPalestina
_9814
942 _2ddc
_cLIBROS
945 _aafb
_d2019-02-22